MARC details
| 000 -CABECERA |
| campo de control de longitud fija |
01092cam a2200277 a 4500 |
| 001 - NÚMERO DE CONTROL |
| campo de control |
000006311 |
| 005 - FECHA Y HORA DE LA ÚLTIMA TRANSACCIÓN |
| campo de control |
20200929153920.0 |
| 008 - DATOS DE LONGITUD FIJA--INFORMACIÓN GENERAL |
| campo de control de longitud fija |
830622s1981 sp h b 001 0aspa |
| 020 ## - NÚMERO INTERNACIONAL ESTÁNDAR DEL LIBRO |
| ISBN cancelado o inválido |
8400049096 |
| 040 ## - FUENTE DE LA CATALOGACIÓN |
| Centro catalogador/agencia de origen |
DO-SdBNP |
| Lengua de catalogación |
spa |
| Centro/agencia transcriptor |
DLC |
| Centro/agencia modificador |
BNPHU |
| 082 ## - NÚMERO DE LA CLASIFICACIÓN DECIMAL DEWEY |
| Número de clasificación |
860.5 |
| Número de documento/Ítem |
G724d |
| 049 ## - FONDOS LOCALES (OCLC) |
| Fondos de biblioteca |
BNGR |
| 100 1# - ENTRADA PRINCIPAL--NOMBRE DE PERSONA |
| Nombre de persona |
Goya, Francisco de, |
| Fechas asociadas al nombre |
1746-1828. |
| 9 (RLIN) |
17604 |
| 245 10 - MENCIÓN DE TÍTULO |
| Título |
Diplomatario / |
| Mención de responsabilidad, etc. |
Francisco de Goya ; edición preparada por Ángel Canellas López. |
| 260 ## - PUBLICACIÓN, DISTRIBUCIÓN, ETC. |
| Lugar de publicación, distribución, etc. |
Zaragoza, España : |
| Nombre del editor, distribuidor, etc. |
Institución Fernando el Católico de la Exma. Diputacion de Zaragoza, C.S.I.C., |
| Fecha de publicación, distribución, etc. |
1981. |
| 300 ## - DESCRIPCIÓN FÍSICA |
| Extensión |
590 p. : |
| Otras características físicas |
facsims. ; |
| Dimensiones |
27 cm. |
| 490 1# - MENCIÓN DE SERIE |
| Mención de serie |
Institución Fernando el Católico |
| Designación de volumen o secuencia |
826 |
| 504 ## - NOTA DE BIBLIOGRAFÍA, ETC. |
| Nota de bibliografía, etc. |
Incluye referencias Bibliográficas (p. 555-563). |
| 500 ## - NOTA GENERAL |
| Nota general |
Incluye índices. |
| 600 14 - PUNTO DE ACCESO ADICIONAL DE MATERIA--NOMBRE DE PERSONA |
| Nombre de persona |
GOYA, FRANCISCO, |
| Fechas asociadas al nombre |
1746-1828. |
| 9 (RLIN) |
17605 |
| 650 #4 - PUNTO DE ACCESO ADICIONAL DE MATERIA--TÉRMINO DE MATERIA |
| Término de materia o nombre geográfico como elemento de entrada |
Artista |
| Subdivisión geográfica |
España |
| Subdivisión general |
Correspondencia |
| 9 (RLIN) |
17606 |
| 600 14 - PUNTO DE ACCESO ADICIONAL DE MATERIA--NOMBRE DE PERSONA |
| Nombre de persona |
GOYA, FRANCISCO, |
| Fechas asociadas al nombre |
1746-1828 |
| Subdivisión general |
AUTÓGRAFOS |
| 9 (RLIN) |
17607 |
| 700 1# - PUNTO DE ACCESO ADICIONAL--NOMBRE DE PERSONA |
| Nombre de persona |
Canellas López, Ángel. |
| Término indicativo de función/relación |
ed. |
| 9 (RLIN) |
17608 |
| 830 #0 - PUNTO DE ACCESO ADICIONAL DE SERIE-TÍTULO UNIFORME |
| Título uniforme |
Institución Fernando el Católico ; |
| Designación de volumen o secuencia |
826 |
| 9 (RLIN) |
16722 |
| 910 ## - DATOS DE OPCIÓN DEL USUARIO (OCLC) |
| Datos de opción del usuario |
Catalogación por copia / LC |